Central Library OPAC University of Rajshahi

The chemistry of the vitamins / (Record no. 10788)

MARC details
000 -LEADER
fixed length control field 00845nam a2200277 a 4500
001 - CONTROL NUMBER
control field 10788
003 - CONTROL NUMBER IDENTIFIER
rucl marc code BD-RjUL
005 - DATE AND TIME OF LATEST TRANSACTION
control field 20241029143739.0
008 - FIXED-LENGTH DATA ELEMENTS--GENERAL INFORMATION
fixed length control field 140125s1965 enk 001 0 eng
035 ## - SYSTEM CONTROL NUMBER
System control number (BD-RjUL)10788
040 ## - CATALOGING SOURCE
Original cataloging agency DLC
Transcribing agency DNLM
Modifying agency OAU
-- Uk
-- DLC
Language of cataloging eng
041 ## - LANGUAGE CODE
Language code of text/sound track or separate title eng
060 00 - NATIONAL LIBRARY OF MEDICINE CALL NUMBER
Classification number QU 160
Item number D996c 1965
082 ## - DEWEY DECIMAL CLASSIFICATION NUMBER
Edition number 19
Classification number 591.1926
Author mark and year DYC 1965
100 1# - MAIN ENTRY--PERSONAL NAME
Personal name Dyke, S. F.
Fuller form of name (Stanley Frederick)
9 (RLIN) 29376
245 14 - TITLE STATEMENT
Title The chemistry of the vitamins /
Statement of responsibility, etc. S. F. Dyke.
260 ## - PUBLICATION, DISTRIBUTION, ETC. (IMPRINT)
Place of publication, distribution, etc. London :
Name of publisher, distributor, etc. Interscience Publishers,
Date of publication, distribution, etc. 1965.
300 ## - PHYSICAL DESCRIPTION
Pagination V. 6; 363 p. :
Illustrations illus. ;
Size 22 cm.
500 ## - GENERAL NOTE
General note Includes index.
650 #0 - SUBJECT ADDED ENTRY--TOPICAL TERM
Topical term or geographic name as entry element Vitamins.
9 (RLIN) 33277
830 ## - SERIES ADDED ENTRY--UNIFORM TITLE
Uniform title The Chemistry of natural products,
Volume number/sequential designation v. 6
942 ## - ADDED ENTRY ELEMENTS (KOHA)
Source of classification or shelving scheme Dewey Decimal Classification
Koha item type Books
Holdings
Lost status Source of classification or shelving scheme Damaged status Not for loan Collection code Permanent Location Current Location Shelving location Date acquired Source of acquisition Cost, normal purchase price Total Checkouts Full call number Date last seen Copy number Koha item type
  Dewey Decimal Classification     Non-fiction Central Library, University of Rajshahi Central Library, University of Rajshahi Reading Room 29/05/1970 Zeitlinger 75.00   591.1926 DYC 1965 25/01/2014 C-4 Books
  Dewey Decimal Classification     Non-fiction Central Library, University of Rajshahi Central Library, University of Rajshahi   30/01/1973 Britain.     591.1926 DYC 1965 23/03/2021 C-5 Books
  Dewey Decimal Classification     Non-fiction Central Library, University of Rajshahi Central Library, University of Rajshahi   30/01/1973 Britain.     591.1926 DYC 1965 23/03/2021 C-6 Books
  Dewey Decimal Classification   Not For Loan Non-fiction Central Library, University of Rajshahi Central Library, University of Rajshahi Reading Room 29/10/2024       591.1926 DYC 1965 29/10/2024 C-1 Books
  Dewey Decimal Classification     Non-fiction Central Library, University of Rajshahi Central Library, University of Rajshahi General Stacks 29/10/2024       591.1926 DYC 1965 29/10/2024 C-2 Books
  Dewey Decimal Classification     Non-fiction Central Library, University of Rajshahi Central Library, University of Rajshahi General Stacks 31/10/2024       591.1926 DYC 1965 31/10/2024 C-3 Books